000 00890nas a2200277 4500
001 BR9901581
003 BR-BrBNA
005 20231205101325.0
007 ta
008 230509b bl.|||p| |||| 00| 00por d
040 _aBR-BrBNA
_bpor
_cBiblioteca Nacional de Agricultura
041 _a(Pt)
072 _aP33
100 1 _aSilva, A.C.
100 1 _aGoncalves, M.M.
245 1 _aAvaliacao da eficiencia de diferentes substancias na dispersao de uma amostra do horizonte Bw de um latossolo vermelho escuro da regiao de Alfenas (MG)
650 _aHorizonte
650 _aDispersao
650 _aLatossolo Vermelho Escuro
650 _aTextura do Solo
650 _aArgila
650 _aMinas Gerais
773 0 _tRevista da Universidade de Alfenas (Brazil)
_x
_g(Jan-Dec 1992), v. 1(3) p. 17-22
_wBR9901581
909 _a202311
_bLúcia
_c55
_dLúcia Elande
942 _2AGRIS
_n0
_cANA
999 _c161131
_d161131